PLAN DE NEGOCIOS PARA LA EXPORTACION : (Registro nro. 50266)
[ vista simple ]
| 000 -LEADER | |
|---|---|
| fixed length control field | 00939nam a2200169 a 4500 |
| 001 - CONTROL NUMBER | |
| control field | 50266 |
| 005 - DATE AND TIME OF LATEST TRANSACTION | |
| control field | 20180714035257.0 |
| 008 - FIXED-LENGTH DATA ELEMENTS--GENERAL INFORMATION | |
| fixed length control field | 140415s2001 mx 000 0 spa d |
| 041 ## - LANGUAGE CODE | |
| Language code of text/sound track or separate title | spa |
| 082 ## - DEWEY DECIMAL CLASSIFICATION NUMBER | |
| Classification number | 382.6 |
| Item number | PLA |
| 245 00 - TITLE STATEMENT | |
| Title | PLAN DE NEGOCIOS PARA LA EXPORTACION : |
| Remainder of title | TEXTO Y EJERCICIOS. |
| 250 ## - EDITION STATEMENT | |
| Edition statement | 2a ed. |
| 260 ## - PUBLICATION, DISTRIBUTION, ETC. | |
| Place of publication, distribution, etc. | MEXICO : |
| Name of publisher, distributor, etc. | BANCOMEXT, |
| Date of publication, distribution, etc. | 2001. |
| 300 ## - PHYSICAL DESCRIPTION | |
| Extent | 206 ; |
| Dimensions | 21.4 x 1.2 x 27.4. |
| 520 ## - SUMMARY, ETC. | |
| Summary, etc. | UNO DE LOS OBJETIVOS PRINCIPALES QUE DEBE TENER UNA EMPRESA AL DISEÑAR UN PLAN DE NEGOCIOS PARA EXPORTACION ES CONSEGUIR LA CONFIANZA DE QUE SU PROYECTO DE EXPORTACION ES VIABLE Y QUE LE REPRESENTARA UNA BUANA OPCION DE NEGOCIO, LO QUE LE PERMITIRA GENERAR BENEFICIOS A SU INVERSION. SABER PREPARAR UN BUEN PLAN DE NEGOCIOS PARA EXPORTACION SIGNIFICA INCREMENTAR LAS POSIBILIDADES DE PARTICIPAR CON EXITO EN LOS MERCADOS INTERNACIONALES. |
| 650 14 - SUBJECT ADDED ENTRY--TOPICAL TERM | |
| Topical term or geographic name entry element | COMERCIO EXTERIOR |
| General subdivision | PLANEACION DE NEGOCIOS |
| -- | ESTUDIO DE CASOS |
| Withdrawn status | Lost status | Source of classification or shelving scheme | Damaged status | Not for loan | Collection code | Home library | Current library | Shelving location | Date acquired | Source of acquisition | Inventory number | Total Checkouts | Full call number | Barcode | Date last seen | Date last checked out | Price effective from | Koha item type |
|---|---|---|---|---|---|---|---|---|---|---|---|---|---|---|---|---|---|---|
| Dewey Decimal Classification | General | Biblioteca Karol Wojtyla | Biblioteca Karol Wojtyla | Sala general | 03/12/2013 | Compra | 151000000000000000044821 | 382.6 PLA | 75004 | 05/01/2026 | 28/05/2018 | 18/02/2016 | Libro | |||||
| Dewey Decimal Classification | General | Biblioteca Karol Wojtyla | Biblioteca Karol Wojtyla | Sala general | 03/12/2013 | Compra | 151000000000000000044820 | 382.6 PLA | 75003 | 05/01/2026 | 14/02/2017 | 18/02/2016 | Libro |